[Event "Anand tribute"]
[Site "SchemingMind.com"]
[Date "2008.11.13"]
[Round "-"]
[White "dcon"]
[Black "Sixmax"]
[Result "1-0"]
[WhiteCountry "RSA"]
[BlackCountry "DEN"]
[WhiteElo "2361"]
[WhiteRD "61"]
[BlackElo "2071"]
[BlackRD "62"]
[GameID "178701"]

1. d4 Nf6 2. Nf3 e6 3. Bg5 h6 4. Bh4 c5 5. Nc3 cxd4 6. Nxd4 Bb4 7. Qd3 O-O 8. a3 Be7 9. e4 d6 10. O-O-O a6
11. Nde2 Nbd7 12. Rg1 b5 13. f4 Rb8 14. Nd4 Qb6 15. g4 Nc5 16. Qh3 b4 17. axb4
1-0

[Event "Anand tribute"]
[Site "SchemingMind.com"]
[Date "2008.11.13"]
[Round "-"]
[White "Sixmax"]
[Black "dcon"]
[Result "0-1"]
[WhiteCountry "DEN"]
[BlackCountry "RSA"]
[WhiteElo "2071"]
[WhiteRD "62"]
[BlackElo "2361"]
[BlackRD "61"]
[GameID "178702"]

1. e4 c5 2. Nf3 Nc6 3. c3 d5 4. exd5 Qxd5 5. d4 Nf6 6. dxc5 Qxd1+ 7. Kxd1 Bf5 8. Bb5 e6 9. Be3 Nd5 10. Nd4 Nxe3+
11. fxe3 O-O-O 12. Bxc6 bxc6 13. Ke2 Bxc5 14. Nxc6 Rd3 15. Nd4 Bg6 16. Nd2 e5 17. Rhc1 Kb7 18. N2f3 exd4
0-1

[Event "Anand tribute"]
[Site "SchemingMind.com"]
[Date "2008.11.18"]
[Round "-"]
[White "thebirdolux"]
[Black "dcon"]
[Result "1/2-1/2"]
[WhiteCountry "USA"]
[BlackCountry "RSA"]
[WhiteElo "2308"]
[WhiteRD "67"]
[BlackElo "2361"]
[BlackRD "61"]
[GameID "178881"]

1. Nf3 d5 2. c4 d4 3. g3 c5 4. Bg2 Nc6 5. O-O e5 6. d3 Nf6 7. e3 Bd6 8. exd4 cxd4 9. Bg5 h6 10. Bxf6 Qxf6
11. Nbd2 Bc7 12. Re1 O-O 13. a3 a5 14. Qa4 Bd7 15. Rac1 Qe7 16. c5 Rfe8 17. Nh4 g5 18. Nhf3 Kg7 19. Qd1 Bf5 20. Nc4 Qf6
21. Qb3 Reb8 22. Nfd2 a4 23. Qc2 Qe7 24. Be4 Bd7 25. Nd6 Bxd6 26. cxd6 Qxd6 27. Nc4 Qc5 28. Bxc6 Qxc6 29. Nxe5 Qxc2 30. Rxc2 Rc8
31. Rxc8 Bxc8 32. Re4 Bh3 33. Rxd4 Re8 34. Re4 Bf5=
1/2-1/2

[Event "Anand tribute"]
[Site "SchemingMind.com"]
[Date "2008.11.17"]
[Round "-"]
[White "thebirdolux"]
[Black "Sixmax"]
[Result "1-0"]
[WhiteCountry "USA"]
[BlackCountry "DEN"]
[WhiteElo "2308"]
[WhiteRD "67"]
[BlackElo "2071"]
[BlackRD "62"]
[GameID "178882"]

1. Nf3 Nf6 2. c4 e6 3. g3 a6 4. Bg2 b5 5. b3 Bb7 6. O-O c5 7. Nc3 Qb6 8. Re1 Be7 9. e4 Nc6 10. d3 d6
11. cxb5 axb5 12. a4 b4 13. Nb1 O-O 14. Nbd2 d5 15. Bb2 Nd7 16. exd5 exd5 17. Qc2 Rfe8 18. Rac1 Rad8 19. Re2 Bd6 20. Ree1 Ba6
21. Rxe8+ Rxe8 22. Re1 Rxe1+ 23. Nxe1
1-0

[Event "Anand tribute"]
[Site "SchemingMind.com"]
[Date "2008.11.17"]
[Round "-"]
[White "dcon"]
[Black "thebirdolux"]
[Result "1-0"]
[WhiteCountry "RSA"]
[BlackCountry "USA"]
[WhiteElo "2361"]
[WhiteRD "61"]
[BlackElo "2308"]
[BlackRD "67"]
[GameID "178883"]

1. d4 d5 2. c4 c6 3. Nc3 Nf6 4. Nf3 dxc4 5. a4 Bf5 6. e3 e6 7. Bxc4 Bb4 8. O-O O-O 9. Qb3 Qe7 10. Nh4 Bg4
11. f3 Bh5 12. g4 Bg6 13. e4 Nbd7 14. Be3 e5 15. Ne2 exd4 16. Nxd4 Bc5 17. Rf2 Qe5 18. Rd1 Nb6 19. Nxg6 hxg6 20. Bf1 Rfe8
21. Rfd2 Nfd5 22. Bf2 Nf4 23. h4 Bd6 24. Be1 Rab8 25. Kh1 Bc7 26. a5 Na8 27. Bc4 Rf8 28. Bg3 Qxa5 29. h5 gxh5 30. Nf5 Nb6
31. Ne7+ Kh7 32. Bxf7 Qg5 33. Nf5
1-0

[Event "Anand tribute"]
[Site "SchemingMind.com"]
[Date "2008.11.17"]
[Round "-"]
[White "Sixmax"]
[Black "thebirdolux"]
[Result "0-1"]
[WhiteCountry "DEN"]
[BlackCountry "USA"]
[WhiteElo "2071"]
[WhiteRD "62"]
[BlackElo "2308"]
[BlackRD "67"]
[GameID "178884"]

1. e4 c5 2. Nf3 d6 3. d4 cxd4 4. Nxd4 Nf6 5. Nc3 Nc6 6. Bg5 e6 7. Qd2 a6 8. O-O-O Bd7 9. f4 b5 10. Bxf6 gxf6
11. Kb1 Qb6 12. Nxc6 Bxc6 13. Qe1 Ra7 14. f5 h5 15. Ne2 Qe3 16. Qa5 Qc5 17. b4 Qe3 18. Nd4 Bd7 19. fxe6 fxe6 20. Qb6 Ra8
21. Bd3 e5
0-1

[Event "Anand tribute"]
[Site "SchemingMind.com"]
[Date "2008.11.17"]
[Round "-"]
[White "jankep"]
[Black "thebirdolux"]
[Result "0-1"]
[WhiteCountry "POL"]
[BlackCountry "USA"]
[WhiteElo "2016"]
[WhiteRD "79"]
[BlackElo "2308"]
[BlackRD "67"]
[GameID "179134"]

1. d4 Nf6 2. c4 e6 3. e3 d5 4. Nf3 Nbd7 5. Be2 Bd6 6. c5 Be7 7. Qc2 O-O 8. O-O Ne4 9. Nbd2 f5 10. Nxe4 fxe4
11. Nd2 c6 12. a4 e5 13. b4 exd4 14. exd4 Bh4 15. g3 Bg5 16. f4 Bh6 17. Nb3 Nf6 18. Be3 Bh3 19. Rf2 Ng4 20. Bxg4 Bxg4
21. Re1 Qd7 22. Qb2 a6 23. Nd2 g6 24. Nf1 Bg7 25. Bd2 Bf3
0-1

[Event "Anand tribute"]
[Site "SchemingMind.com"]
[Date "2008.11.18"]
[Round "-"]
[White "jankep"]
[Black "dcon"]
[Result "0-1"]
[WhiteCountry "POL"]
[BlackCountry "RSA"]
[WhiteElo "2016"]
[WhiteRD "79"]
[BlackElo "2361"]
[BlackRD "61"]
[GameID "179135"]

1. d4 d5 2. c4 c6 3. e3 Bf5 4. Nf3 e6 5. Nc3 Bb4 6. Qb3 Qb6 7. cxd5 exd5 8. Nd2 Ba5 9. Be2 Nf6 10. O-O Nbd7
11. Na4 Qxb3 12. Nxb3 Bc7 13. Bd2 O-O 14. Rac1 Rfe8 15. h3 Ne4
0-1

[Event "Anand tribute"]
[Site "SchemingMind.com"]
[Date "2008.11.15"]
[Round "-"]
[White "jankep"]
[Black "Sixmax"]
[Result "0-1"]
[WhiteCountry "POL"]
[BlackCountry "DEN"]
[WhiteElo "2016"]
[WhiteRD "79"]
[BlackElo "2071"]
[BlackRD "62"]
[GameID "179136"]

1. d4 Nf6 2. c4 e6 3. Nf3 b6 4. e3 Bb7 5. Be2 Be7 6. Nc3 O-O 7. O-O d5 8. a3 Nbd7 9. b4 c5 10. bxc5 bxc5
11. Bb2 dxc4 12. Bxc4 Rb8 13. Rb1 Qa5 14. Qe1 Bxf3 15. gxf3 Qb6 16. Ba1 Qc6 17. Qe2 cxd4 18. Bb5 Qa8
0-1

[Event "Anand tribute"]
[Site "SchemingMind.com"]
[Date "2008.11.17"]
[Round "-"]
[White "thebirdolux"]
[Black "jankep"]
[Result "1-0"]
[WhiteCountry "USA"]
[BlackCountry "POL"]
[WhiteElo "2308"]
[WhiteRD "67"]
[BlackElo "2016"]
[BlackRD "79"]
[GameID "179137"]

1. Nf3 g6 2. e4 d6 3. d4 Bg7 4. c3 Nf6 5. Bd3 O-O 6. O-O Nc6 7. Na3 Bg4 8. h3 Bd7 9. Bg5 h6 10. Bd2 e5
11. Rc1 a5 12. Re1 Re8 13. Qb3 Qc8 14. Nb5 a4 15. Qd1 Nd8 16. Be3 exd4 17. cxd4 Bxb5 18. Bxb5 Rxe4 19. Bxa4 Re7 20. Bb3 d5
21. Qd2 c6 22. Bxh6 Rxe1+ 23. Rxe1 Ne4 24. Qe3 Qf5 25. Bxg7
1-0

[Event "Anand tribute"]
[Site "SchemingMind.com"]
[Date "2008.11.19"]
[Round "-"]
[White "dcon"]
[Black "jankep"]
[Result "1-0"]
[WhiteCountry "RSA"]
[BlackCountry "POL"]
[WhiteElo "2361"]
[WhiteRD "61"]
[BlackElo "2016"]
[BlackRD "79"]
[GameID "179138"]

1. d4 Nf6 2. c4 g6 3. Nc3 Bg7 4. e4 d6 5. Nf3 O-O 6. Be2 e5 7. O-O Nc6 8. d5 Ne7 9. b4 h6 10. c5 a5
11. cxd6 cxd6 12. Ba3 axb4 13. Bxb4 Ne8 14. Nd2 Bd7 15. Nc4
1-0

[Event "Anand tribute"]
[Site "SchemingMind.com"]
[Date "2008.11.16"]
[Round "-"]
[White "Sixmax"]
[Black "jankep"]
[Result "1-0"]
[WhiteCountry "DEN"]
[BlackCountry "POL"]
[WhiteElo "2071"]
[WhiteRD "62"]
[BlackElo "2016"]
[BlackRD "79"]
[GameID "179139"]

1. e4 e6 2. d4 d5 3. Nc3 Nf6 4. Bg5 dxe4 5. Nxe4 Be7 6. Bxf6 gxf6 7. Nf3 b6 8. Bc4 Bb7 9. Qe2 c6 10. O-O-O Qc7
11. Kb1 Nd7 12. Rhe1 O-O-O 13. Ba6 Bxa6 14. Qxa6+ Qb7 15. Qd3 h5 16. c4 f5 17. Neg5
1-0

[Event "Anand tribute"]
[Site "SchemingMind.com"]
[Date "2008.11.25"]
[Round "-"]
[White "dlamadzi"]
[Black "jankep"]
[Result "0-1"]
[WhiteCountry "POL"]
[BlackCountry "POL"]
[WhiteElo "1950"]
[WhiteRD "76"]
[BlackElo "2016"]
[BlackRD "79"]
[GameID "180323"]

1. Nf3 c5 2. e4 d6 3. Bb5+ Bd7 4. Bxd7+ Nxd7 5. c4 Ngf6 6. Nc3 e6 7. O-O Be7 8. d3 O-O 9. h3 Ne5 10. Nxe5 dxe5
11. Be3 b6 12. a4 Qc7 13. Nb5 Qd8 14. a5 bxa5 15. Qc2 a6 16. Nc3 Nd7 17. Ra2 Nb8
0-1

[Event "Anand tribute"]
[Site "SchemingMind.com"]
[Date "2008.11.29"]
[Round "-"]
[White "dlamadzi"]
[Black "thebirdolux"]
[Result "0-1"]
[WhiteCountry "POL"]
[BlackCountry "USA"]
[WhiteElo "1950"]
[WhiteRD "76"]
[BlackElo "2308"]
[BlackRD "67"]
[GameID "180324"]

1. e4 c5 2. Nf3 e6 3. c3 d5 4. exd5 exd5 5. Bb5+ Bd7 6. Bxd7+ Nxd7 7. O-O Bd6 8. Re1+ Ne7 9. d4 O-O 10. Be3 Re8
11. Nbd2 Nf5 12. Nf1 Nf6 13. dxc5 Nxe3 14. Nxe3 Bxc5 15. Nd4 Qb6 16. b4 Bd6 17. Ndf5 Bf8 18. Qd3 g6 19. Nd4 a5 20. a3 Bh6
21. Rad1 axb4 22. axb4 Ra2
0-1

[Event "Anand tribute"]
[Site "SchemingMind.com"]
[Date "2008.11.29"]
[Round "-"]
[White "dlamadzi"]
[Black "dcon"]
[Result "0-1"]
[WhiteCountry "POL"]
[BlackCountry "RSA"]
[WhiteElo "1950"]
[WhiteRD "76"]
[BlackElo "2361"]
[BlackRD "61"]
[GameID "180325"]

1. e4 c5 2. Nc3 Nc6 3. f4 g6 4. Nf3 Bg7 5. Bb5 Nd4 6. Nxd4 cxd4 7. Ne2 a6 8. Bd3 d6 9. O-O Nf6 10. c3 dxc3
11. bxc3 O-O 12. Bc2 Qa5 13. d4 Bg4
0-1

[Event "Anand tribute"]
[Site "SchemingMind.com"]
[Date "2008.11.24"]
[Round "-"]
[White "dlamadzi"]
[Black "Sixmax"]
[Result "0-1"]
[WhiteCountry "POL"]
[BlackCountry "DEN"]
[WhiteElo "1950"]
[WhiteRD "76"]
[BlackElo "2071"]
[BlackRD "62"]
[GameID "180326"]

1. e4 e5 2. Nf3 Nf6 3. Nc3 Nc6 4. Bb5 Bb4 5. O-O O-O 6. d3 Bxc3 7. bxc3 d6 8. Bg5 Qe7 9. Nd2 h6 10. Bh4 Nd8
11. Rb1 c6 12. Bc4 g5 13. Bg3 b5 14. Bb3 Ne6 15. f3 a5 16. a4 Rb8
0-1

[Event "Anand tribute"]
[Site "SchemingMind.com"]
[Date "2008.11.26"]
[Round "-"]
[White "jankep"]
[Black "dlamadzi"]
[Result "1-0"]
[WhiteCountry "POL"]
[BlackCountry "POL"]
[WhiteElo "2016"]
[WhiteRD "79"]
[BlackElo "1950"]
[BlackRD "76"]
[GameID "180327"]

1. d4 Nf6 2. c4 e6 3. e3 b6 4. Nf3 Bb7 5. Bd3 Be7 6. Nc3 O-O 7. O-O d6 8. Re1 Nbd7 9. b3 e5 10. Bc2 a5
11. Bb2 Re8 12. Rc1 c6 13. Qd3 Qc7 14. h3 Nf8 15. dxe5 dxe5 16. Qf5
1-0

[Event "Anand tribute"]
[Site "SchemingMind.com"]
[Date "2008.11.29"]
[Round "-"]
[White "thebirdolux"]
[Black "dlamadzi"]
[Result "1-0"]
[WhiteCountry "USA"]
[BlackCountry "POL"]
[WhiteElo "2301"]
[WhiteRD "71"]
[BlackElo "2080"]
[BlackRD "89"]
[GameID "180328"]

1. d4 Nf6 2. c4 e6 3. Nc3 Bb4 4. Qc2 c5 5. dxc5 Na6 6. a3 Bxc3+ 7. Qxc3 Nxc5 8. b4 Nce4 9. Qd4 d5 10. cxd5 Qxd5
11. Qxd5 Nxd5 12. f3 Nd6 13. e4 Nb6 14. Bf4 Ke7 15. Rd1 Rd8 16. e5 Nf5 17. Bg5+ f6 18. exf6+ gxf6 19. Bxf6+
1-0

[Event "Anand tribute"]
[Site "SchemingMind.com"]
[Date "2008.11.29"]
[Round "-"]
[White "dcon"]
[Black "dlamadzi"]
[Result "1-0"]
[WhiteCountry "RSA"]
[BlackCountry "POL"]
[WhiteElo "2361"]
[WhiteRD "61"]
[BlackElo "1950"]
[BlackRD "76"]
[GameID "180329"]

1. d4 Nf6 2. c4 e6 3. Nc3 Bb4 4. Qb3 Bxc3+ 5. Qxc3 O-O 6. g3 Ne4 7. Qd3 f5 8. Bg2 d5 9. Nf3 c5 10. O-O cxd4
11. cxd5 Qxd5 12. Ng5 Nc6 13. Nxe4 fxe4 14. Bxe4
1-0

[Event "Anand tribute"]
[Site "SchemingMind.com"]
[Date "2008.11.24"]
[Round "-"]
[White "Sixmax"]
[Black "dlamadzi"]
[Result "1-0"]
[WhiteCountry "DEN"]
[BlackCountry "POL"]
[WhiteElo "2071"]
[WhiteRD "62"]
[BlackElo "1950"]
[BlackRD "76"]
[GameID "180330"]

1. e4 Nc6 2. d4 d5 3. e5 Bf5 4. c3 e6 5. Bd3 Nge7 6. Ne2 Qd7 7. O-O Bxd3 8. Qxd3 Nf5 9. Ng3 Nce7 10. Nd2 h5
11. Nb3 Nxg3 12. fxg3 Nf5 13. Bg5 Be7 14. Bxe7 Kxe7 15. Nc5 Qc6 16. b4 b6 17. b5 Qe8 18. Na6 Qd7 19. a4 c5 20. dxc5
1-0

[Event "Anand tribute"]
[Site "SchemingMind.com"]
[Date "2008.11.29"]
[Round "-"]
[White "mi_di"]
[Black "jankep"]
[Result "1-0"]
[WhiteCountry "MEX"]
[BlackCountry "POL"]
[WhiteElo "2163"]
[WhiteRD "75"]
[BlackElo "2016"]
[BlackRD "79"]
[GameID "180401"]

1. e4 e6 2. d4 d5 3. Nc3 Nf6 4. e5 Ne4 5. Nxe4 dxe4 6. Bc4 a6 7. a4 b6 8. Ne2 Bb7 9. O-O Bd5 10. Ba2 Be7
11. c4 Bb7 12. Ng3 O-O 13. Bb1 c5 14. Be3
1-0

[Event "Anand tribute"]
[Site "SchemingMind.com"]
[Date "2008.11.30"]
[Round "-"]
[White "mi_di"]
[Black "thebirdolux"]
[Result "0-1"]
[WhiteCountry "MEX"]
[BlackCountry "USA"]
[WhiteElo "2061"]
[WhiteRD "87"]
[BlackElo "2307"]
[BlackRD "73"]
[GameID "180402"]

1. e4 c5 2. c3 Nf6 3. e5 Nd5 4. d4 cxd4 5. Qxd4 e6 6. Nf3 Nc6 7. Qe4 f5 8. exf6 Nxf6 9. Qc2 d5 10. c4 Bd6
11. Be2 O-O 12. cxd5 exd5 13. O-O Bg4 14. Nc3 Qe7 15. Qd1 d4 16. Nb5 Rae8 17. Re1 Bxf3 18. gxf3 Kh8 19. Nxd6 Qxd6 20. Bg5 Qd5
21. Bf4 d3
0-1

[Event "Anand tribute"]
[Site "SchemingMind.com"]
[Date "2008.11.30"]
[Round "-"]
[White "mi_di"]
[Black "dcon"]
[Result "0-1"]
[WhiteCountry "MEX"]
[BlackCountry "RSA"]
[WhiteElo "2163"]
[WhiteRD "75"]
[BlackElo "2361"]
[BlackRD "61"]
[GameID "180403"]

1. d4 d5 2. c4 e5 3. dxe5 d4 4. Nf3 c5 5. g3 Nc6 6. Bg2 Nge7 7. O-O Ng6 8. e3 Be7 9. exd4 cxd4 10. Re1 O-O
11. Qb3 Qc7 12. Bd2 Bg4 13. Na3 a6 14. Re4 Bf5 15. Rxd4 Nxd4 16. Nxd4 Rad8 17. Bc3 Bd3 18. e6 Bc5 19. Nac2 fxe6 20. Qxb7 Qxb7
21. Bxb7 Rd6 22. b4 Bxd4 23. Nxd4 Bxc4 24. a4 Rfd8 25. b5 axb5 26. axb5 e5 27. Nc6 Rd1+ 28. Kg2 Bf1+ 29. Kf3 R8d3+ 30. Ke4 Bg2+
31. Kf5 Rf3+ 32. Kg5 Rxa1 33. Bxa1 Rxf2 34. Bc8 Bxc6 35. bxc6 Rc2 36. Bd7 Kf7
0-1

[Event "Anand tribute"]
[Site "SchemingMind.com"]
[Date "2008.11.29"]
[Round "-"]
[White "mi_di"]
[Black "Sixmax"]
[Result "1-0"]
[WhiteCountry "MEX"]
[BlackCountry "DEN"]
[WhiteElo "2163"]
[WhiteRD "75"]
[BlackElo "2071"]
[BlackRD "62"]
[GameID "180404"]

1. c4 b6 2. d4 Bb7 3. Nc3 e6 4. a3 f5 5. d5 Nf6 6. g3 Na6 7. Bg2 Nc5 8. Nf3 Nce4 9. O-O Nxc3 10. bxc3 Bc5
11. Nd4 O-O 12. dxe6 Bxg2 13. Kxg2 Bxd4 14. cxd4 dxe6 15. Bf4
1-0

[Event "Anand tribute"]
[Site "SchemingMind.com"]
[Date "2008.11.30"]
[Round "-"]
[White "mi_di"]
[Black "dlamadzi"]
[Result "1-0"]
[WhiteCountry "MEX"]
[BlackCountry "POL"]
[WhiteElo "2163"]
[WhiteRD "75"]
[BlackElo "1950"]
[BlackRD "76"]
[GameID "180405"]

1. e4 Nc6 2. d4 d5 3. Nc3 Nf6 4. e5 Nd7 5. f4 Nb6 6. Nf3 Bg4 7. Be2 e6 8. O-O Bb4 9. Bd2 Bxf3 10. Bxf3 Nxd4
11. a3 Nxf3+ 12. Rxf3 Bc5+ 13. Kh1 Nc4 14. b4 Nxd2 15. Qxd2 Be7 16. f5
1-0

[Event "Anand tribute"]
[Site "SchemingMind.com"]
[Date "2008.11.28"]
[Round "-"]
[White "jankep"]
[Black "mi_di"]
[Result "0-1"]
[WhiteCountry "POL"]
[BlackCountry "MEX"]
[WhiteElo "2016"]
[WhiteRD "79"]
[BlackElo "2163"]
[BlackRD "75"]
[GameID "180406"]

1. d4 e6 2. e4 d5 3. e5 c5 4. c3 Nc6 5. Nf3 Qb6 6. a3 cxd4 7. cxd4 Nge7 8. Nc3 Nf5 9. Qc2 Nfxd4 10. Nxd4 Qxd4
11. f4 a6 12. Bd3 Be7
0-1

[Event "Anand tribute"]
[Site "SchemingMind.com"]
[Date "2008.11.30"]
[Round "-"]
[White "thebirdolux"]
[Black "mi_di"]
[Result "1/2-1/2"]
[WhiteCountry "USA"]
[BlackCountry "MEX"]
[WhiteElo "2314"]
[WhiteRD "70"]
[BlackElo "2171"]
[BlackRD "78"]
[GameID "180407"]

1. e4 e5 2. Nf3 Nc6 3. Bb5 a6 4. Ba4 Nf6 5. O-O Be7 6. Re1 b5 7. Bb3 O-O 8. c3 d5 9. exd5 Nxd5 10. Nxe5 Nxe5
11. Rxe5 c6 12. Re1 Bd6 13. d3 Bf5 14. Qf3 Re8 15. Rxe8+ Qxe8 16. Nd2 Qe1+ 17. Nf1 Be6 18. Qd1 Qxd1 19. Bxd1 Re8 20. Bd2 Nf4
21. d4 Nd3 22. b3 c5 23. Bc2 Bf5 24. Ne3 Bg6 25. d5 Be5 26. Rb1 h5 27. a4 h4 28. h3 Be4 29. axb5 axb5 30. Ra1 b4
31. Ra4 Nb2 32. Bxe4 Nxa4 33. bxa4 Bxc3 34. Bxc3 Rxe4 35. Be1 b3 36. Bc3 Rxa4 37. Bb2=
1/2-1/2

[Event "Anand tribute"]
[Site "SchemingMind.com"]
[Date "2008.11.30"]
[Round "-"]
[White "dcon"]
[Black "mi_di"]
[Result "1/2-1/2"]
[WhiteCountry "RSA"]
[BlackCountry "MEX"]
[WhiteElo "2444"]
[WhiteRD "66"]
[BlackElo "2212"]
[BlackRD "87"]
[GameID "180408"]

1. d4 e6 2. c4 Nf6 3. Nc3 Bb4 4. Qc2 d5 5. a3 Bxc3+ 6. Qxc3 Ne4 7. Qc2 Nc6 8. Nf3 Qf6 9. e3 Qg6 10. b4 Ng5
11. Qe2 Nxf3+ 12. Qxf3 dxc4 13. Bxc4 Qc2 14. Bb5 Qc3+ 15. Kd1 Qxa1 16. Bxc6+ Ke7 17. Bxb7 Bxb7 18. Qxb7 Qc3 19. Bd2 Qc4 20. Qe4 Qd5
21. Qxd5 exd5 22. Ke2 Kd6 23. Rc1 c6 24. f3 f5 25. Be1 Kd7 26. Bg3 a5 27. b5 cxb5 28. Rc5 b4 29. axb4 axb4 30. Rxd5+ Kc6
31. Rc5+ Kb6 32. Bc7+ Kb7 33. Be5 Ra4 34. Rc7+ Kb6 35. d5 b3 36. d6 Ra2+ 37. Kd3 Rxg2 38. Bxg7 Rd8 39. Bd4+ Kb5 40. Rb7+ Kc6
41. Rb6+ Kd7 42. Rxb3 Kxd6 43. h4 Ke6 44. Rb6+ Rd6 45. Rb5 Rh2= 46. Re5+ Kd7 47. Rxf5 Rxh4 48. f4 h5 49. Ke4 Re6+ 50. Be5 Rh1
51. Rf7+ Re7 52. Rf6 h4 53. Rd6+ Ke8 54. Rh6 Kf7 55. f5 Rh3 56. Rh7+ Kf8 57. Rh8+ Kf7 58. Rh5 Rxe3+= 59. Kxe3 Rxe5+ 60. Kf4 Ra5
61. Rxh4 Ra4+ 62. Kg5 Rxh4 63. Kxh4 Kf6 64. Kg4 Kf7 65. Kg5 Kg7 66. f6+ Kf7 67. Kf5 Kf8 68. Kg4 Kf7 69. Kg5 Kf8 70. Kg6 Kg8
71. Kf5 Kf7 72. Ke5 Kf8 73. Ke6 Ke8= 74. Ke5 Kf7 75. Kf5 Kf8 76. Kg6 Kg8 77. Kg5 Kf7 78. Kf5 Kf8 79. Ke5 Kf7 80. Kf5=
1/2-1/2

[Event "Anand tribute"]
[Site "SchemingMind.com"]
[Date "2008.11.28"]
[Round "-"]
[White "Sixmax"]
[Black "mi_di"]
[Result "0-1"]
[WhiteCountry "DEN"]
[BlackCountry "MEX"]
[WhiteElo "2071"]
[WhiteRD "62"]
[BlackElo "2163"]
[BlackRD "75"]
[GameID "180409"]

1. e4 Nf6 2. e5 Nd5 3. d4 d6 4. c4 Nb6 5. f4 dxe5 6. fxe5 Nc6 7. Be3 Bf5 8. Nc3 e6 9. Nf3 Be7 10. d5 exd5
11. cxd5 Nb4 12. Nd4 Bd7 13. e6 fxe6 14. dxe6 Bc6 15. Nxc6 Qxd1+
0-1

[Event "Anand tribute"]
[Site "SchemingMind.com"]
[Date "2008.11.28"]
[Round "-"]
[White "dlamadzi"]
[Black "mi_di"]
[Result "0-1"]
[WhiteCountry "POL"]
[BlackCountry "MEX"]
[WhiteElo "1950"]
[WhiteRD "76"]
[BlackElo "2163"]
[BlackRD "75"]
[GameID "180410"]

1. e4 Nf6 2. e5 Nd5 3. c4 Nb6 4. d4 d6 5. exd6 cxd6 6. Nc3 g6 7. Be3 Bg7 8. Rc1 O-O 9. b3 e5 10. d5 N8d7
11. h4 f5 12. Bg5 Bf6 13. Bxf6 Qxf6 14. Qd2 Nc5 15. Nf3 e4 16. Ng5 Re8 17. h5 f4
0-1

[Event "Anand tribute"]
[Site "SchemingMind.com"]
[Date "2008.12.02"]
[Round "-"]
[White "lupa7"]
[Black "jankep"]
[Result "1-0"]
[WhiteCountry "POL"]
[BlackCountry "POL"]
[WhiteElo "2405"]
[WhiteRD "78"]
[BlackElo "2016"]
[BlackRD "79"]
[GameID "181125"]

1. e4 e6 2. d4 d5 3. exd5 exd5 4. Nf3 Nf6 5. Nc3 Be7 6. Bd3 O-O 7. O-O Bg4 8. h3 Bh5 9. Bf4 c6 10. Re1 Re8
11. a4 a5 12. Nb1
1-0

[Event "Anand tribute"]
[Site "SchemingMind.com"]
[Date "2008.12.01"]
[Round "-"]
[White "lupa7"]
[Black "mi_di"]
[Result "1/2-1/2"]
[WhiteCountry "POL"]
[BlackCountry "MEX"]
[WhiteElo "2397"]
[WhiteRD "79"]
[BlackElo "2180"]
[BlackRD "83"]
[GameID "181126"]

1. e4 e5 2. Nf3 Nf6 3. d4 Nxe4 4. Bd3 d5 5. Nxe5 Bd6 6. Nd2 Bxe5 7. dxe5 Nc5 8. Nf3 Bg4 9. Be2 O-O 10. Qd4 Ne4
11. c4 Nc6 12. Qxd5 Qxd5 13. cxd5 Nb4 14. O-O Nxd5 15. Rd1 c6 16. Rd4 f5 17. Bc4 Nc5 18. Ng5 h6 19. b4 hxg5 20. bxc5 f4
21. h4 gxh4 22. Bxf4 Be6 23. Bg5 Rf5 24. f4 Raf8 25. Bxd5 cxd5 26. Rb1 R5f7 27. Rb5 Rc8 28. Bxh4 Rfc7 29. Rd2 Rxc5 30. Rxb7 R5c7
31. Rxc7 Rxc7 32. Bf2 a6 33. Be3 Rc4 34. Kf2 Kf7 35. Kg3 Re4= 36. Kf3 g5 37. g3 gxf4 38. gxf4 Ra4 39. Rb2 d4 40. Bd2 Bd5+
41. Kg4 Rxa2 42. Rxa2 Bxa2 43. f5 Bc4 44. Kf4 Bd5= 45. Ba5 Ba2 46. Bb6 d3 47. Ba5 Bc4 48. Ke3 Ba2 49. Ke4 Ke7 50. Bc3 Bc4
51. Kd4 Ba2 52. f6+ Ke6 53. Kxd3 Bb1+=
1/2-1/2

[Event "Anand tribute"]
[Site "SchemingMind.com"]
[Date "2008.12.03"]
[Round "-"]
[White "lupa7"]
[Black "thebirdolux"]
[Result "1/2-1/2"]
[WhiteCountry "POL"]
[BlackCountry "USA"]
[WhiteElo "2397"]
[WhiteRD "79"]
[BlackElo "2322"]
[BlackRD "74"]
[GameID "181127"]

1. e4 c5 2. Nf3 d6 3. Bb5+ Nd7 4. a4 Nf6 5. d3 g6 6. h3 Bg7 7. Nc3 O-O 8. O-O d5 9. a5 d4 10. Ne2 a6
11. Bc4 b5 12. axb6 Bb7 13. Bd2 Nxb6 14. Ba5 Nfd7 15. b4 cxb4 16. Qb1 e5 17. Qxb4 Rb8 18. Rfb1 Qf6 19. Bxb6 Bc8 20. c3 Rxb6
21. Qa3 dxc3 22. Nxc3 Bb7 23. Rxb6 Qxb6 24. Rb1 Qc7 25. Ng5 Bf6 26. Bxf7+ Rxf7 27. Nxf7 Kxf7 28. Qb3+ Ke7 29. Qxb7 Qxc3 30. Qxa6 Qc2
31. Ra1 Bg5 32. g3 Qb3 33. h4 Bd2 34. Qc8 Qb2 35. Ra8 Qc1+ 36. Qxc1 Bxc1 37. Ra2 h5 38. Ra7 Bb2 39. Rc7 Ke6 40. Rc6+ Kf7
41. Rc2 Bd4 42. Rc7 Ke6 43. Kf1 Nc5 44. Ke2 Kf6 45. Rc6+ Kf7 46. Rb6 Ne6 47. Ra6 Bc5 48. Ra8 Be7 49. Ra7 Kf6 50. Ra6 Kf7
51. Ra5 Kf6 52. Kf3 Nd4+ 53. Ke3 Nc2+ 54. Ke2 Nd4+ 55. Kd1 Ne6 56. Ra6 Kf7 57. Kd2 Bb4+ 58. Ke3 Bf8 59. Ra5 Bc5+ 60. Ke2 Kf6
61. Kf3 Kf7 62. Kg2 Bd4 63. Kf1= Bc5 64. Ra2 Nd4=
1/2-1/2

[Event "Anand tribute"]
[Site "SchemingMind.com"]
[Date "2008.12.05"]
[Round "-"]
[White "lupa7"]
[Black "dcon"]
[Result "1/2-1/2"]
[WhiteCountry "POL"]
[BlackCountry "RSA"]
[WhiteElo "2405"]
[WhiteRD "78"]
[BlackElo "2361"]
[BlackRD "61"]
[GameID "181128"]

1. e4 c5 2. Nf3 Nc6 3. Bb5 g6 4. Nc3 Bg7 5. O-O e5 6. d3 Nge7 7. Bc4 O-O 8. h3 d6 9. a3 a6 10. Nd5 Nxd5
11. Bxd5 Nd4 12. c3 Nxf3+ 13. Qxf3 Rb8 14. b4 b6 15. Rb1 Bb7 16. Bxb7 Rxb7 17. Qe2 Qd7 18. Be3 Qc6 19. Rfc1 c4 20. a4 b5
21. dxc4 bxc4 22. Qc2 f5 23. f3 fxe4 24. fxe4 Bf6 25. Rd1 Bd8 26. Kh2 Be7=
1/2-1/2

[Event "Anand tribute"]
[Site "SchemingMind.com"]
[Date "2008.12.01"]
[Round "-"]
[White "lupa7"]
[Black "Sixmax"]
[Result "1-0"]
[WhiteCountry "POL"]
[BlackCountry "DEN"]
[WhiteElo "2405"]
[WhiteRD "78"]
[BlackElo "2071"]
[BlackRD "62"]
[GameID "181129"]

1. e4 b6 2. d4 Bb7 3. Bd3 Nf6 4. Nc3 e6 5. Nf3 Bb4 6. Qe2 d5 7. exd5 Nxd5 8. Bd2 Nxc3 9. bxc3 Be7 10. a4 O-O
11. O-O Qd6 12. Ne5 Nd7 13. Nc4 Qd5 14. f3 Qh5 15. Bf4 c5 16. a5 Bf6 17. Nd6
1-0

[Event "Anand tribute"]
[Site "SchemingMind.com"]
[Date "2008.12.01"]
[Round "-"]
[White "lupa7"]
[Black "dlamadzi"]
[Result "1-0"]
[WhiteCountry "POL"]
[BlackCountry "POL"]
[WhiteElo "2405"]
[WhiteRD "78"]
[BlackElo "1950"]
[BlackRD "76"]
[GameID "181130"]

1. e4 c5 2. Nf3 Nf6 3. e5 Nd5 4. Nc3 Nxc3 5. dxc3 Nc6 6. Bf4 Qc7 7. Bd3 e6 8. Qd2 b6 9. Qe3 Bb7 10. Rd1 h6
11. O-O O-O-O 12. a3 d5 13. exd6 Bxd6 14. Bxd6 Rxd6 15. b4 Ne7 16. c4 Rhd8 17. Ne5 Nf5 18. Qe1 f6 19. bxc5 bxc5 20. Ng6 Qf7
21. Bxf5 exf5 22. Ne7+ Kb8 23. Rxd6 Rxd6 24. Nxf5 Rd8 25. Qe2
1-0